Дело о выкупе земельных наделов временнообязанными крестьянами П.П. Семенова сельца Петровки и деревни Дубровки Липецкого уезда ...

Доступно только в Электронных читальных залах Найти на картеНа карте
RUSMARC
00003941nmc2a2200000 x 450
00141065716-a096-4de5-8efc-94b52b6f8112
00520151222093105.0
100##$a20140416l18651865k l0rusy0189 ca
1010#$arus
102##$aRU
2001#$aДело о выкупе земельных наделов временнообязанными крестьянами П.П. Семенова сельца Петровки и деревни Дубровки Липецкого уезда Тамбовской губернии
$j7 апреля - 29 июля 1865 г.
251##$cДело
300##$aДело
300##$aОриг. заголовок дела: Дело Семенова П.П. Тамбовской губернии Липецкого уезда сельца Петровки и деревни Дубровки. 7 апреля 1865 г. - 29 июля 1865 г
801#0$aRU
$bРГИА
$c20140416
$gRCR
801#1$aRU
$bГлавНИВЦ
$c20140416
$2rusmarc
801#2$aRU
$bПБ им. Б.Н. Ельцина
$c20151222
$gRCR
$2rusmarc
850##$aРГИА
852##$aРГИА
$eФедеральное казенное учреждение "Российский государственный исторический архив" (РГИА)
$j1297
937##$hРГИА
$d11105663
$aASBIBLIO_SCAN
462#0$10017c5e74c9-979b-46fc-b2dd-52a15592f082
$12001
$a1863-1889 гг.
$1251
$cОпись
$1852
$j40
461#0$10018ef30ad5-ff5c-4840-a721-74c62a200f95
$12001
$aГлавное выкупное учреждение Министерства финансов
$1251
$cФонд
$1852
$j577
215##$a28 л.
$d36,5х26 см
371##$aДокумент не является опубликованным и широко распространяемым
105##$ay###
1222#$ad
5171#$aДело Семенова П.П. Тамбовской губернии Липецкого уезда сельца Петровки и деревни Дубровки. 7 апреля 1865 г. - 29 июля 1865 г.
035##$a41065716-a096-4de5-8efc-94b52b6f8112
Формат отображения